000
00304nam a22001217a 4500
008
230704b xxu||||| |||| 00| 0 eng d
020
_a
9966957480
082
_a
342.023
_b
YAA 2002
245
_a
Constitutional Agenda by Young People
260
_b
The Youth Agenda
_c
2002
300
_a
42p
942
_2
ddc
_c
BK
999
_c
3648
_d
3648